| 000 | 00784nmc a2200289 a 4500 | ||
|---|---|---|---|
| 003 | AR-BaBNM | ||
| 005 | 20251128210623.0 | ||
| 008 | 010020s1996 ||||||||||||||000 | spa|| | ||
| 020 | _a950-9413-69-0 | ||
| 040 | _cAR-BaBNM | ||
| 100 | 1 | _aBurton, Richard F. | |
| 245 | 1 | 0 | _a<El> descubrimiento de las fuentes del Nilo |
| 260 |
_aBuenos Aires _bEdiciones del Sol _bUNESCO _c1996 |
||
| 300 |
_a312 p. _bil. |
||
| 490 | 0 | _aLa lĂnea de sombra. Verde | |
| 650 | 4 | _aLITERATURA INGLESA | |
| 650 | 4 | _aSIGLO DIECINUEVE | |
| 650 | 4 | _aESCRITORES | |
| 653 | _aNARRATIVA | ||
| 653 | _aLITERATURA DE VIAJES | ||
| 655 | _aLITERATURA | ||
| 700 | 1 | _aSpeke, John H. | |
| 700 | 1 |
_aAtorresi, Ana _etraductor |
|
| 800 | 1 |
_aColombres, Adolfo _edirector |
|
| 942 | _cBK | ||
| 998 | _cMARTIN | ||
| 999 |
_c16209 _d16209 |
||